00427nam a22001577a 450000500170000001000150001702000260003203500130005803700130007108200100008410000220009424500480011626000350016427000420019930000280024120140603151749.0 aENG-110097 a9789350483886c350.00 aEN-93630 bDBAD/PUB a580.3 aMishra,Anil kumar aDictionary of botany/cby Anil Kumar Mishra aNew DelhibPrabhat Booksc2013 a4/19 Asaf Ali RoadbNew Delhie110002 a279p. :bill.c22cm(Hb)